00771nam a2200229 i 450000100060000000300090000600500170001500700030003200800410003524501260007625000240020226000300022630000470025649000390030365000240034265000270036670000300039370000330042371000250045683000390048185200210052055442ES-MaACL20230906163139.0t|030919s1976 sp ||||1| spa d00aDeriva continental y tectónica de placas / cversión española, Carlos Martín Escorza, Alfonso González Ubanell. a2ª ed. rev. y aum. aMadrid : bBlume, c1976. a271 p., 3 lám. : bil., mapas ; c28 cm.1 aSelecciones de Scientific American 4aDeriva continental. 4aTectónica de placas.1 aMartín Escorza, Carlos.1 aGonzález Ubanell, Alfonso.2 aScientific American.1 aSelecciones de Scientific American aES-MaACLjA-5870